000 00787nam a22002890a 4500
001 PT35138
003 AR-LpoUNG
005 20210131230243.0
008 191001s1965||||ag |||||||||||||||||spa d
040 _aAR-LpoUNG
_bspa
_cAR-LpoUNG
_eaacr
041 _aspa
044 _aag
082 0 _a417.22 898est
100 1 _aBruno, Lidia N.
245 1 0 _aEstudio comparativo de vocabularios tobas y pilagas
250 _a1§ edición
260 _aBuenos Aires :
_bCentro de Estudios Lingüísticos,
_c1965.
300 _a107 p. :
_bgráfs.
650 4 _aANALISIS COMPARATIVO
650 4 _aLINGUISTICA
650 4 _aPOBLACION INDIGENA
650 4 _aTERMINOLOGIA
651 4 _aDOCUMENTOS TEORICOS O METODOLOGICOS
700 1 _aNajlis, Elena
905 _a35138
942 _cLIB
999 _c2410
_d2410